[Event "Montigny le Bretonneux-A 15th"]
[Site "Montigny le Bretonneux"]
[Date "2016.10.30"]
[Round "9.5"]
[White "Gazay, Didier"]
[Black "Nicolleau, Mathias"]
[Result "0-1"]
[WhiteElo "1822"]
[BlackElo "1988"]
[PlyCount "70"]
[EventDate "2016.10.22"]
[EventType "tourn"]
[EventRounds "9"]
[EventCountry "FRA"]
[SourceTitle "EXT 2024"]
[Source "ChessBase"]
[SourceDate "2023.10.10"]
[SourceVersion "1"]
[SourceVersionDate "2023.10.10"]
[SourceQuality "1"]

1. c4 c5 2. Nc3 Nf6 3. g3 d5 4. cxd5 Nxd5 5. Bg2 Nc7 6. Nf3 Nc6 7. 0-0 e5 8. d3 Be7 9. Bd2 0-0 10. Rc1 b6 11. Ne1 Bd7 12. f4 exf4 13. Bxf4 Bf6 14. Qd2 Re8 15. Ne4 Be5 16. Nd6 Bxd6 17. Bxd6 Nb5 18. Bf4 Rc8 19. Nf3 f6 20. h4 Bg4 21. Rf2 Re7 22. Nh2 Be6 23. b3 Qd7 24. Rd1 Rce8 25. e4 Rd8 26. Nf1 Nb4 27. Ne3 Nd4 28. Kh1 Qb5 29. Nc4 Red7 30. e5 Nxb3 31. axb3 Rxd3 32. Qxd3 Rxd3 33. Rxd3 Nxd3 34. Rc2 Qxb3 35. Ne3 Nxf4 0-1

[Event "Sautron op 14th"]
[Site "Sautron"]
[Date "2014.10.26"]
[Round "1"]
[White "Nicolleau, Mathias"]
[Black "Duboue, Peio"]
[Result "0-1"]
[WhiteElo "1984"]
[BlackElo "2292"]
[PlyCount "48"]
[EventDate "2014.10.26"]
[EventType "swiss"]
[EventRounds "9"]
[EventCountry "FRA"]
[SourceTitle "EXT 2016"]
[Source "ChessBase"]
[SourceDate "2015.10.08"]
[SourceVersion "1"]
[SourceVersionDate "2015.10.08"]
[SourceQuality "1"]

1. d4 d5 2. c4 dxc4 3. Nf3 Nf6 4. Nc3 c6 5. a4 Bf5 6. e3 e6 7. Bxc4 Bb4 8. 0-0 0-0 9. Qe2 Nbd7 10. e4 Bg4 11. h3 Bh5 12. g4 Bg6 13. e5 Nd5 14. Ne4 c5 15. Bxd5 exd5 16. Nd6 cxd4 17. Bg5 f6 18. exf6 Nxf6 19. Nf5 Bxf5 20. gxf5 Qb6 21. Qd3 Ne4 22. Bh4 Rxf5 23. Nxd4 Rh5 24. Nf3 Qg6+ 0-1

[Event "Nantes op 12th"]
[Site "Nantes "]
[Date "2013.12.27"]
[Round "1"]
[White "Nicolleau, Mathias"]
[Black "Stets, Dmitry"]
[Result "0-1"]
[WhiteElo "1986"]
[BlackElo "2410"]
[PlyCount "36"]
[EventDate "2013.12.27"]
[EventType "swiss"]
[EventRounds "7"]
[EventCountry "FRA"]
[SourceTitle "CBM 158 Extra"]
[Source "ChessBase"]
[SourceDate "2014.02.28"]
[SourceVersion "1"]
[SourceVersionDate "2014.02.28"]
[SourceQuality "1"]

1. d4 Nf6 2. c4 g6 3. Nc3 Bg7 4. Nf3 0-0 5. Bg5 c5 6. e3 cxd4 7. Nxd4 Qa5 8. Bxf6 Bxf6 9. Be2 Nc6 10. 0-0 Bg7 11. Nd5 Re8 12. Nb5 Rb8 13. Qb1 a6 14. Nbc7 Rd8 15. a3 Qd2 16. Bf3 Qxb2 17. Qd3 e6 18. Rab1 Qe5 0-1

[Event "Nantes op 11th"]
[Site "Nantes"]
[Date "2012.12.29"]
[Round "4"]
[White "Durand Le Ludec, Brendan Bubok"]
[Black "Nicolleau, Mathias"]
[Result "1-0"]
[WhiteElo "1721"]
[BlackElo "1969"]
[PlyCount "93"]
[EventDate "2012.12.27"]
[EventType "swiss"]
[EventRounds "7"]
[EventCountry "FRA"]
[SourceTitle "EXT 2014"]
[Source "ChessBase"]
[SourceDate "2013.11.20"]
[SourceVersion "1"]
[SourceVersionDate "2013.11.20"]
[SourceQuality "1"]

1. e4 e5 2. Nf3 Nc6 3. d4 exd4 4. Bc4 Nf6 5. 0-0 Nxe4 6. Re1 d5 7. Bxd5 Qxd5 8. Nc3 Qa5 9. Nxe4 Be6 10. Neg5 0-0-0 11. Nxe6 fxe6 12. Rxe6 Bd6 13. Bg5 Rde8 14. Qe1 Qxe1+ 15. Raxe1 Kd7 16. Rxe8 Rxe8 17. Rxe8 Kxe8 18. Kf1 h6 19. Bd2 g5 20. Ke2 g4 21. Nh4 h5 22. Nf5 Be5 23. Ng3 h4 24. Nf5 h3 25. g3 d3+ 26. cxd3 Bxb2 27. Nh6 Ne5 28. Bf4 c5 29. Bxe5 Bxe5 30. Nxg4 Bd4 31. f4 b5 32. Nf2 a5 33. Nxh3 b4 34. Kd2 a4 35. Kc2 Ke7 36. Ng5 Kf6 37. Ne4+ Kf5 38. h3 Be3 39. Nd6+ Ke6 40. Nc4 Bf2 41. g4 Bg3 42. f5+ Kf6 43. Nb6 b3+ 44. axb3 a3 45. Nd7+ Ke7 46. Nxc5 Be5 47. Kb1 1-0